Ajusta por inflación con Excel (Registro nro. 36409)
[ vista simple ]
| 000 -LEADER | |
|---|---|
| fixed length control field | 01021 a2200241 4500 |
| 001 - CONTROL NUMBER | |
| control field | 63924 |
| 005 - DATE AND TIME OF LATEST TRANSACTION | |
| control field | 20260521160826.0 |
| 008 - FIXED-LENGTH DATA ELEMENTS--GENERAL INFORMATION | |
| fixed length control field | 260521a2002 arg spa d |
| 003 - CONTROL NUMBER IDENTIFIER | |
| control field | AR-UNSa-BCEJYS |
| 040 ## - CATALOGING SOURCE | |
| Original cataloging agency | AR-UNSa-BCEJYS |
| Language of cataloging | spa |
| Transcribing agency | AR-UNSa-BCEJYS |
| 080 ## - UNIVERSAL DECIMAL CLASSIFICATION NUMBER | |
| Universal Decimal Classification number | 657.23 |
| Common auxiliary subdivision | Compensaciones. Correcciones. Ajustes (devaluación monetaria) |
| 020 ## - INTERNATIONAL STANDARD BOOK NUMBER | |
| International Standard Book Number | 978-987-20416-1-8 |
| 041 ## - LANGUAGE CODE | |
| Language code of text/sound track or separate title | spa |
| 100 1# - MAIN ENTRY--PERSONAL NAME | |
| Personal name | Viegas, Juan Carlos |
| 245 10 - TITLE STATEMENT | |
| Title | Ajusta por inflación con Excel |
| Name of part/section of a work | Prepación de los estados contables en contextos inflacionarios |
| 264 #1 - PRODUCTION, PUBLICATION, DISTRIBUTION, MANUFACTURE, AND COPYRIGHT NOTICE | |
| Place of production, publication, distribution, manufacture | Buenos Aires : |
| Name of producer, publisher, distributor, manufacturer | Ediciones Maurina |
| Date of production, publication, distribution, manufacture, or copyright notice | 2002 |
| 300 ## - PHYSICAL DESCRIPTION | |
| Extent | 255 p. |
| Dimensions | 23 cm. |
| 505 ## - FORMATTED CONTENTS NOTE | |
| Formatted contents note | 1. Técnica contable de ajuste por inflación – 2. Caso de ajuste integral por inflación – 3. Caja y bancos. Moneda extranjera. Créditos y deudas – 4. Bienes de cambio – 5. Bienes de uso e intangibles – 6. Patrimonio neto y resultados – |
| 590 ## - LOCAL NOTE (RLIN) | |
| Local note | niveau_biblio:m niveau_hierar:0 |
| 700 1# - ADDED ENTRY--PERSONAL NAME | |
| Personal name | García Fronti, Inés M. |
| 700 1# - ADDED ENTRY--PERSONAL NAME | |
| Personal name | Bresciani, Anita |
| 942 ## - ADDED ENTRY ELEMENTS (KOHA) | |
| Koha item type | |
| Withdrawn status | Lost status | Damaged status | Not for loan | Home library | Current library | Shelving location | Date acquired | Total checkouts | Full call number | Barcode | Date last seen | Price effective from | Koha item type |
|---|---|---|---|---|---|---|---|---|---|---|---|---|---|
| Biblioteca Prof. Eusebio Cleto del Rey | Biblioteca Prof. Eusebio Cleto del Rey | 21/05/2026 | 657.23 V656 | L116850 | 21/05/2026 | 21/05/2026 | Libro |